000 00672nam a2200193 a 4500
005 20210223122136.0
008 991125s1978 mx 000 0 spa u
035 _aUPN01000030306
049 _aCG
050 4 _aHG229
_bT4.38
100 1 _aThirlwall, Anthony P.
245 1 0 _aInflación, ahorro y crecimiento en las economías en desarrollo /
_cA. P. Thirlwall ; tr. por Guillermo A. Cárdenas.
260 _aMéxico :
_bEl Manual Moderno,
_c1978.
300 _a265 p.
440 0 _aCiencias sociales.
_pSerie E ;
_v5
650 4 _aINFLACION (FINANZAS) -
_zPAISES EN DESARROLLO
_914352
651 4 _aPAISES EN DESARROLLO -
_xCONDICIONES ECONOMICAS
_98383
905 _aLibro
999 _c30306
_d30306